| 000 | 00405nam a22001697a 4500 | ||
|---|---|---|---|
| 005 | 20160618160348.0 | ||
| 008 | 160618b xxu||||| |||| 00| 0 eng d | ||
| 020 | _a978-0-07-018775-7 | ||
| 041 | _aeng | ||
| 082 | _b8224 | ||
| 100 |
_aMurphy, Heeta A and others _92260 |
||
| 245 | _aEffective Business Communication | ||
| 260 |
_bTMH _c2008 |
||
| 300 | _a609 | ||
| 650 |
_aManagement _9241 |
||
| 942 | _cBK | ||
| 999 |
_c3164 _d3163 |
||